1403 1043 1162 1189 1027 1299 1179 1994 1884 1136 1408 1822 1383 1145 1359 1998 1379 1521 1319 1871 1828 1038 1912 1179 1039 1054 1054 1912 1178 1796 1551 1300 1835 1470 1531 1501 1512 1364 1573 1219 1860 1061 1148 1352 1028 1866 1942 1508 1987 1931 1319 1877 1973 1255 1785 1159 1748 1559 1192 1224 1059 1799 1255 1777 1285 1760 1140 1436 1877 1660 1165 1306 1038 1809 1777 1451 1121 1837 1556 1619 1321 1445 1015 1575 1572 1554 1052 1649 1727 1321 1490 1339 1021 1989 1789 1418 1987 1572 1744 BCNSPRNW ULIB Ver.6.0+V

เปลี่ยนเป็นภาษาไทย

Change to English
 แสดงรายละเอียดบรรณานุกรม
  กลับหน้าหลัก

Brief Record : Get Marc (ISO 2709) : E-mail record : QR code < ปิดหน้าต่าง
LEADER : 00000nam 2200000uu 4500
001    13399123164
003     ULIB
008    020711s2551 th a 000 0 tha d
020    97493350284
020    9789748217284
090    นว.^bฬ111จ
100    ฬีฬา
110    ยาหยี-ยาใจ
245    เจ้าหญิงในดวงใจ/^cฬีฬา
250    พิมพ์ครั้งที่ 4
260    กรุงเทพฯ :^bยาหยี-ยาใจ,^c2551
300    143 หน้า;^b21 ซม.
945    ^p120^l0^i034420
999    ^aเกษร โพธิ์สุวรรณ
รายการนี้ยังไม่มีแท็ก
คุณยังไม่ได้ล็อกอิน คุณสามารถมีกิจกรรมร่วมกับเว็บไซต์ได้ แต่ต้องล็อกอินก่อน ::
  ล็อกอิน

รายการสื่อสารสนเทศ

ลำดับที่ ประเภท เลขเรียก/บาร์โค้ด สถานที่ สถานะ
1. นวนิยาย
นวนิยาย
นว. ฬ111จ ฉ.1 
  Barcode: 034420
ห้องสมุดวิทยาเขตสวรรค์ประชารักษ์
►นวนิยาย
บนชั้น
  ขอยืม

รายการใกล้เคียง
    ผู้แต่ง [ฬีฬา]

BibComment


ยังไม่เคยถูกคอมเมนท์

คอมเมนท์ทรัพยากรรายการนี้
  คอมเมนท์: เจ้าหญิงในดวงใจ ฬ..


 Copyright 2026. Bcnsprnw @Library